Mental big Still Game Quiz - Statistics

General Stats
  • This quiz has been taken 59 times
    52 since last reset
  • The average score is 22 of 75
Answer Stats
Hint Answer % Correct
Out of the gang who doesn’t take the free leccy Victor
100%
Taller main characters full name Victor McDade
86%
Who made the high garden Osprey Heights Winston
83%
Their beer bellied pals full name Winston Ingram
80%
Who owns the local shop Navid
77%
Who is the above characters wife Meena
74%
Who is the Hermit in the episode “oot” Archie
71%
What does CYT stand for in the episode ‘Big Yin’ Craiglang Young team
71%
Barman’s name Boabby
69%
What is the name of the dirty neighbour Manky Frankie
69%
Smaller main characters full name Jack Jarvis Esquire
66%
His tight fisted pals full name Tam Mullen
66%
What was V’s wife called Betty
63%
Who is the above characters husband Harry
63%
Who is one of the main wee neds in the whole show Fergie
60%
Who becomes the Librarian when Frances dies Mick
57%
What is the name of W’s home help in season 2 episode 2 Mrs Begg
57%
What does V buy in season 2 episode 4 “Brief” A car
54%
What does W put in T’s book in season two epsiode one when he forgets it in the pub A poo
54%
What is J’s daughter called Fiona
54%
Who is the young lad that gets introduced in season 7 Methadone Mick
54%
What is the rough area called in the show Park Mill
54%
Junkie who lives under a bridge Pete the jakey
54%
Who is V and J’s nosy neighbour (Full name) Isa Drennan
51%
What is W severely addicted to The Bookies
37%
Who does Fergie end up marrying Sinead
34%
In the episode “Big Yin” who returns to Craiglang to sort out the neds Big Innes
31%
What was J’s wife called Jean
31%
What is the above answers husband called Tony
31%
What did W humph up the stairs at the Hogmanay party A keg of beer
29%
Where do J and V go with Fergie the night before the wedding Reflections
29%
Who is the Bookmaker in Craiglang (Full Name) Stevie Reid
29%
At the Butchers how many chops does Peggy steal from Winston before they start brawling 6
20%
In the final Episode “Over the hill” what famous mountain do Jack, Victor, Tam, Winston, and Boabby attempt to climb Ben Lomond
20%
Who does the above character help after W Bert Finlay
20%
What other show have Jack and Victor been on Chewin’ the fat
20%
What are the two above answers sons called Jack and Stephen
20%
When does the chip shop open in finport when Jack And Victor go to Visit? May
20%
Who is Frances’ sister who comes down fae finport when Winston is there? Molly
20%
In the last 5 minutes of said episode what song to they play for Tommy Rose Marie
20%
Their aulder pal Auld Eric
17%
Who plays Jack In the show Ford Kiernan
17%
Who plays Victor in the show Greg Hemphill
17%
What is the name of the dug that the ned owns? Kaiser
17%
What famous actor plays the bus driver in “Dial a Bus? Robbie Coltrane
17%
What is her profession? Singer
17%
Who do Jack and Victor put out of business when they take over Navid shop Vince Gallagher
14%
What was the name of the girl T brought to V’s Hogmanay party Erin
11%
Who plays Boabby in the show Gavin Mitchell
11%
Who plays Isa in the show Jane McCarry
11%
In the final scene what does Boabby turn around and say to the camera Look who it isnae
11%
Who plays Tam in the show Mark Cox
11%
Who plays Winston in the show Paul Riley
11%
What does the above answers Dad throw out on the day of the wedding 3 pound and a power card
9%
In the episode “cauld” what does Winston steal Leccy
9%
Who owns the B&B in Finport? Michael
9%
What does the above character love to eat when he comes out his house A Big Mac meal
6%
Who then comes in and says the following “ Rose Marie ya pair of ____”*hint, Tommys wife Agnes
6%
What do the gang enter to get a new football pitch for the weans A walking football competition
6%
What is the above answers nickname (according to Winston) The poisoner of Clyde side
6%
What do Joe and Winston want to call the cat they are battling over? Boab and Toby
3%
What is her daughter called Catherine
3%
What is his one weakness Midori liqueur
3%
What does Tam nick off of Winston in this episode*hint, Not suncream A bottle of Mayonnaise
0%
When Pete the jakey dies what does he give Isa back A pair of pink Scotland flag pants
0%
Why does Tam love her? Because she is a tight fisted git like him
0%
What do they do to him Chain him to a fence
0%
What did he do to earn this nickname He Poisoned 1800 men
0%
In the episode “wireless” why does Navid end up in the hospital He was having trouble going for a pee
0%
Who does the above character come back as after doing W out of £32, 500 His Brother Francis
0%
What is the name of the Old woman everyone thinks Tam is hooching money off of but actually isn’t? Maggie Stoddart
0%
What does Tam bring for dinner in the final episode? Paint, Kidney Beans and Dug food
0%
In the episode “Wireless” (season 4, episode 2) what do Jack and victor do for Tam Take over as the hospital DJs
0%
Boabby is nominated for what achievement by Pete when he dies The Good Citizens award
0%
What do Boabby and Navid battle about in season 7 epsiode 4 Who’s job is the cushiest
0%
No matching quizzes found
Score Distribution
Percent of People with Each Score
Percentile by Number Answered
Your Score History
You have not taken this quiz since the last reset